Moderná obec a mesto

Z obsahu prílohy: Regionálna samospráva potrebuje kompetencie i financie. Aká je budúcnosť výstavby infraštruktúry. Úsilie ZMOS o prijatie Charty.

Enregistré dans:
Détails bibliographiques
Auteur principal: Kubík, Š.
Autres auteurs: Pružincová, M., Uhrecký, P.
Format: Chapitre de livre
Langue:slovaque
Sujets:
Tags: Ajouter un tag
Pas de tags, Soyez le premier à ajouter un tag!

MARC

LEADER 00000naa a2200000 4500
001 r025776
005 20230824085324.9
041 0 |a slo 
044 |a SK 
245 1 0 |a Moderná obec a mesto  |c Š. Kubík, M. Pružincová, P. Uhrecký 
520 |a Z obsahu prílohy: Regionálna samospráva potrebuje kompetencie i financie. Aká je budúcnosť výstavby infraštruktúry. Úsilie ZMOS o prijatie Charty. 
610 2 0 |a Slovensko 
610 2 0 |a 1997 
610 2 0 |a správa miestna 
610 2 0 |a samospráva 
610 2 0 |a regióny 
610 2 0 |a infraštruktúra 
610 2 0 |a ZMOS 
610 2 0 |a rozpočet miestny 
610 2 0 |a odpad komunálny 
100 1 |a Kubík, Š. 
700 1 |a Pružincová, M. 
700 1 |a Uhrecký, P.